Loreto College Library, Kolkata
WEBOPAC (ONLINE PUBLIC ACCESS CATALOGUE)

India and the world (Record no. 28965)

MARC details
000 -LEADER
fixed length control field 00526nam a2200169Ia 4500
008 - FIXED-LENGTH DATA ELEMENTS--GENERAL INFORMATION
fixed length control field 131103s9999 xx 000 0 und d
020 ## - ISBN | অাই এস বি এন
PRICE Rs 46.00
040 ## - CATALOGING SOURCE
Original cataloging agency Loreto College
041 ## - LANGUAGE CODE
Language code English
082 ## - DDC | ডিউই
Classification number | বর্গসংখ্যা 900/N/KHA
Book Number | গ্রন্থাঙ্ক LCBED/13344
245 ## - TITLE STATEMENT | অাখ্যা বিবরণী
Title | অাখ্যা India and the world
Sub title | উপঅাখ্যা history and civics for middle school
Statement of responsibility | লেখকের দায়িত্বের বিবরণ Hindustan Times Leadership initiatives. Edited by Namita Bhandare
260 ## - IMPRINT | প্রকাশনা ক্ষেত্র
Place of publication | প্রকাশ স্থান [s.n]
Name of publisher | প্রকাশকের নাম Orient longman
Date of publication | প্রকাশ কাল [19?]
300 ## - PHYSICAL DESCRIPTION |
Page / Vol. No | পৃষ্ঠা / খন্ড সংখ্যা 126p
650 ## - SUBJECT ADDED ENTRY--TOPICAL TERM | বিষয় শিরোনাম - মূল বিষয়
Topical term | মূল বিষয় World history
850 ## - HOLDING INSTITUTION
Holding institution LCBED/900/N/KHA
942 ## - ADDED ENTRY ELEMENTS (KOHA)
Koha item type Books
Holdings
Withdrawn status Lost status Source of classification Damaged status Not for loan Home library Current library Date acquired Total Checkouts Full call number Accession No. Date last seen Price effective from Koha item type
Withdrawn   Dewey Decimal Classification     Loreto College Loreto College 04/11/2013   900/N/KHA LCBED/13344 B31813 04/11/2013 04/11/2013 Books